00901pam a2200265 ia4500001001400000003000400014005001700018008004100035015001400076020002300090020003800113040002900151082001200180100004500192245006500237264006400302300006700366336002100433337002500454338002300479490003300502650003600535650003100571830003300602vtls000866135PNM20210120111258.0181122s2019 my ao j 000 0 may  aM19-06677 a9789672254119qset a9789672254126qpaperbackcRM36.12 aBNMbengcBNMerdadPPAK04a6122230 aSafiatul Atiqah Razalli,d1989-eauthor.10aGigi Bukan Untuk Menggigit Sahaja /cSafiatul Atiqah Razalli 1aPetaling Jaya, Selangor :bPENERBIT PRISMA SDN BHD,c[2019] a46 pages :bcolour illustrations, colour photographs ;c25 cm. atext2rdacontent aunmediated2rdamedia avolume2rdacarrier1 aUNIKNYA ORGAN DAN TUBUH KITA10aHuman bodyvJuvenile literature20aTeethvJuvenile literature 0aUniknya organ dan tubuh kita